Разработка электролизера для непрерывного получения компактной меди из водных растворов; Химия и химическая технология в XXI веке

Detalhes bibliográficos
Parent link:Химия и химическая технология в XXI веке.— 2019.— [С. 74-75]
Autor principal: Колесников Е. С.
Autor Corporativo: Национальный исследовательский Томский политехнический университет Инженерная школа ядерных технологий Отделение ядерно-топливного цикла
Outros Autores: Ворошилов Ф. А. Федор Анатольевич (научный руководитель)
Resumo:Заглавие с экрана
Idioma:russo
Publicado em: 2019
Colecção:Химия и химическая технология неорганических веществ и материалов
Assuntos:
Acesso em linha:http://earchive.tpu.ru/handle/11683/55375
Formato: Recurso Electrónico Capítulo de Livro
KOHA link:https://koha.lib.tpu.ru/cgi-bin/koha/opac-detail.pl?biblionumber=629353

MARC

LEADER 00000naa2a2200000 4500
001 629353
005 20231101133545.0
035 |a (RuTPU)RU\TPU\conf\29949 
035 |a RU\TPU\conf\29934 
090 |a 629353 
100 |a 20190617d2019 k y0rusy50 ca 
101 0 |a rus 
102 |a RU 
105 |a y z 101zy 
135 |a drcn ---uucaa 
181 0 |a i  
182 0 |a b 
200 1 |a Разработка электролизера для непрерывного получения компактной меди из водных растворов  |f Е. С. Колесников  |g науч. рук. Ф. А. Ворошилов 
203 |a Текст  |c электронный 
225 1 |a Химия и химическая технология неорганических веществ и материалов 
230 |a 1 компьютерный файл (pdf; 714 Kb) 
300 |a Заглавие с экрана 
320 |a [Библиогр.: с. 75 (4 назв.)] 
463 0 |0 (RuTPU)RU\TPU\conf\29907  |t Химия и химическая технология в XXI веке  |o материалы XX Международной научно-практической конференции имени профессора Л. П. Кулёва студентов и молодых ученых, 20–23 мая 2019 г., г. Томск  |f Национальный исследовательский Томский политехнический университет  |v [С. 74-75]  |d 2019 
610 1 |a электронный ресурс 
610 1 |a труды учёных ТПУ 
610 1 |a электролизеры 
610 1 |a медь 
610 1 |a водные растворы 
610 1 |a автоматизированные линии 
610 1 |a продуктивные растворы 
610 1 |a подземное выщелачивание 
700 1 |a Колесников  |b Е. С. 
702 1 |a Ворошилов  |b Ф. А.  |c химик-технолог  |c доцент Томского политехнического университета, кандидат технических наук  |f 1962-  |g Федор Анатольевич  |2 stltpush  |4 727 
712 0 2 |a Национальный исследовательский Томский политехнический университет  |b Инженерная школа ядерных технологий  |b Отделение ядерно-топливного цикла  |h 7864  |2 stltpush  |3 (RuTPU)RU\TPU\col\23554 
801 2 |a RU  |b 63413507  |c 20190806  |g RCR 
856 4 |u http://earchive.tpu.ru/handle/11683/55375 
942 |c BK